[Event "Morbihan Ch "]
[Site "France"]
[Date "2013.01.19"]
[Round "4.18"]
[White "Richeux, Guillaume"]
[Black "Le Coz, Yannick"]
[Result "0-1"]
[WhiteElo "1399"]
[BlackElo "1595"]
[PlyCount "68"]
[EventDate "2012.10.??"]
[EventType "swiss"]
[EventRounds "7"]
[EventCountry "FRA"]
[SourceDate "2005.09.12"]

1. e4 e5 2. Nf3 Nc6 3. g3 Bc5 4. Nc3 d6 5. Na4 Bg4 6. Bg2 Qf6 7. c3 a6 8. Nxc5
dxc5 9. O-O Rd8 10. h3 Bh5 11. g4 Bg6 12. Re1 Rd3 13. Qe2 Qd8 14. Bf1 Rd6 15.
Qc4 h5 16. gxh5 Bxh5 17. Re3 Rg6+ 18. Bg2 Qf6 19. Kf1 Qe7 20. d4 Bxf3 21. Rxf3
cxd4 22. cxd4 exd4 23. Bd2 Ne5 24. Qxd4 Nxf3 25. Bxf3 c5 26. Qc3 Rxh3 27. Rd1
Qf6 28. Qxc5 Rxf3 29. Be3 Qc6 30. Qe5+ Ne7 31. Bc5 Qb5+ 32. Ke1 Rg1+ 33. Kd2
Qd3+ 34. Kc1 Qxd1# 0-1

[Event "Morbihan Ch "]
[Site "France"]
[Date "2013.01.19"]
[Round "4.19"]
[White "Anciant, Yoran"]
[Black "Girod, Bernard"]
[Result "1-0"]
[WhiteElo "1199"]
[BlackElo "1560"]
[PlyCount "85"]
[EventDate "2012.10.??"]
[EventType "swiss"]
[EventRounds "7"]
[EventCountry "FRA"]
[SourceDate "2005.09.12"]

1. e4 c5 2. Nf3 d6 3. d4 cxd4 4. c3 Nf6 5. Bd3 g6 6. cxd4 Bg7 7. O-O O-O 8. Be3
Bd7 9. Qb3 b6 10. Nc3 Nc6 11. d5 Na5 12. Qc2 Rc8 13. Rac1 Nc4 14. Bxc4 Rxc4 15.
b3 Rc8 16. Qd2 Ng4 17. Bd4 Bh6 18. Be3 Nxe3 19. fxe3 Rc7 20. Rc2 Qc8 21. Rfc1
Qb7 22. Nd1 Rfc8 23. Rxc7 Rxc7 24. Rxc7 Qxc7 25. e5 dxe5 26. Qb4 Bg4 27. Qxg4
f5 28. Qc4 Qxc4 29. bxc4 Kf8 30. Nxe5 Ke8 31. Kf2 Bg7 32. Nc6 a6 33. Nd4 Kd7
34. a4 Kd6 35. Ke2 Be5 36. g3 Kc5 37. Kd3 Bd6 38. Kc3 Be5 39. Nf2 Kd6 40. Nd3
Bf6 41. h4 h5 42. Kb4 Bg7 43. a5 1-0

[Event "Morbihan Ch "]
[Site "France"]
[Date "2013.01.19"]
[Round "4.20"]
[White "Cheneau, Alain"]
[Black "Agogue, Yann"]
[Result "0-1"]
[WhiteElo "1040"]
[BlackElo "1520"]
[PlyCount "102"]
[EventDate "2012.10.??"]
[EventType "swiss"]
[EventRounds "7"]
[EventCountry "FRA"]
[SourceDate "2005.09.12"]

1. e4 g6 2. d4 Bg7 3. d5 d6 4. Nf3 Nf6 5. Bd3 O-O 6. O-O e5 7. Nc3 Nbd7 8. Be3
c6 9. a3 Re8 10. Re1 cxd5 11. exd5 Nb6 12. Bb5 Bd7 13. a4 a6 14. Bxd7 Nbxd7 15.
Ng5 Qa5 16. Nce4 Nxe4 17. Nxe4 Qc7 18. Ra3 Nf6 19. Rc3 Qd7 20. Qd3 Nxe4 21.
Qxe4 f5 22. Qd3 e4 23. Qc4 Rac8 24. Qb4 Bxc3 25. bxc3 Rc7 26. Bb6 Rcc8 27. Be3
Re5 28. Bf4 Rxd5 29. c4 Rd4 30. Qb1 Rdxc4 31. Re2 Qxa4 32. h3 Qc6 33. Rd2 d5
34. Kh2 b5 35. Qb3 a5 36. h4 a4 37. Qa3 Qc5 38. Bd6 Qxa3 39. Bxa3 b4 40. Bb2
Rxc2 41. Rxc2 Rxc2 42. Be5 b3 43. Kg3 b2 44. Bxb2 Rxb2 45. Kf4 Rxf2+ 46. Ke5 a3
47. Kxd5 a2 48. Ke5 a1=Q+ 49. Ke6 Rd2 50. g3 Kg7 51. g4 Qf6# 0-1

[Event "Morbihan Ch "]
[Site "France"]
[Date "2013.01.19"]
[Round "4.21"]
[White "Kerriou, Jean Rene"]
[Black "Raoul, Joël"]
[Result "1-0"]
[WhiteElo "1499"]
[BlackElo "1260"]
[PlyCount "89"]
[EventDate "2012.10.??"]
[EventType "swiss"]
[EventRounds "7"]
[EventCountry "FRA"]
[SourceDate "2005.09.12"]

1. c4 e5 2. Nc3 Nf6 3. g3 Nc6 4. Bg2 d6 5. Nf3 Be6 6. d3 Rb8 7. O-O Be7 8. a3
Qc8 9. e4 Nd4 10. Nxd4 Bh3 11. Nf5 Bxf5 12. exf5 c6 13. Re1 Qxf5 14. Be3 a6 15.
Qf3 Qh5 16. Qxh5 Nxh5 17. Na4 O-O 18. Nb6 Rbd8 19. Re2 Nf6 20. Rae1 Nd7 21. b4
Nxb6 22. Bxb6 Rd7 23. d4 Bf6 24. dxe5 dxe5 25. Bc5 Rfd8 26. Bb6 Re8 27. f4 Rde7
28. Bc5 Rd7 29. fxe5 Rxe5 30. Rxe5 Bxe5 31. Rxe5 Rd1+ 32. Bf1 g6 33. Re7 Ra1
34. Rxb7 Rxa3 35. Rb6 a5 36. bxa5 Rxa5 37. Rxc6 Ra8 38. h4 Re8 39. Bb4 Re3 40.
Kh2 Rb3 41. Rc8+ Kg7 42. Bf8+ Kf6 43. Rc6+ Kf5 44. Kh3 Rb1 45. Bd3+ 1-0

[Event "Morbihan Ch "]
[Site "France"]
[Date "2013.01.19"]
[Round "4.23"]
[White "Josse, Emmanuelle"]
[Black "Le Gal, Loïc"]
[Result "0-1"]
[WhiteElo "1477"]
[BlackElo "1537"]
[PlyCount "38"]
[EventDate "2012.10.??"]
[EventType "swiss"]
[EventRounds "7"]
[EventCountry "FRA"]
[SourceDate "2005.09.12"]

1. d4 d5 2. Nf3 Bf5 3. Bf4 Nc6 4. c3 f6 5. e3 Qd7 6. Qa4 g5 7. Bg3 h5 8. h4 g4
9. Nfd2 e5 10. Na3 Bd6 11. Bb5 Nge7 12. b4 exd4 13. Bxd6 dxe3 14. fxe3 Qxd6 15.
O-O Qe5 16. Bxc6+ bxc6 17. Rfe1 Qxc3 18. Nb3 O-O 19. Rac1 Qb2 0-1

[Event "Morbihan Ch "]
[Site "France"]
[Date "2013.01.16"]
[Round "4.24"]
[White "Ruello, Dylan"]
[Black "Audrain, Emmanuelle"]
[Result "1-0"]
[WhiteElo "1199"]
[BlackElo "1499"]
[PlyCount "124"]
[EventDate "2012.10.??"]
[EventType "swiss"]
[EventRounds "7"]
[EventCountry "FRA"]
[SourceDate "2005.09.12"]

1. e4 e5 2. Nf3 Nc6 3. Bc4 Bc5 4. O-O d6 5. d3 Nf6 6. Bg5 Bg4 7. Nbd2 h6 8. Bh4
d5 9. Bxf6 Qxf6 10. Bxd5 Nd8 11. a3 c6 12. Bc4 Ne6 13. b4 Bd4 14. Rb1 O-O-O 15.
b5 c5 16. Rb3 h5 17. c3 h4 18. Bxe6+ Bxe6 19. cxd4 exd4 20. Rb2 h3 21. g3 Bg4
22. Rc2 b6 23. a4 a5 24. Re1 Kb7 25. Qe2 Rde8 26. e5 Qg6 27. Qe4+ Qxe4 28. Rxe4
Bf5 29. Rf4 Rh5 30. Nc4 Kc7 31. Nd6 Rxe5 32. Nxe5 Kxd6 33. Nxf7+ Kd5 34. Re2
Bxd3 35. Re5+ Rxe5 36. Nxe5 Kxe5 37. Rg4 g6 38. f4+ Kd5 39. Rh4 c4 40. Kf2 Ke4
41. f5+ Kxf5 42. Rxd4 Ke5 43. Ke3 Bf1 44. Re4+ Kd6 45. Rf4 Bd3 46. Kd4 Ke6 47.
Rh4 Kf5 48. Rxh3 Kg4 49. Rh4+ Kf3 50. Kc3 Bf1 51. Rh6 Kg2 52. Rxg6 Kxh2 53.
Rxb6 Kxg3 54. Ra6 Bg2 55. Rxa5 Bb7 56. Ra7 Bf3 57. b6 Kf4 58. b7 Ke5 59. b8=Q+
Ke6 60. Ra5 Bc6 61. Ra7 Bd7 62. Rxd7 Kxd7 1-0

[Event "Morbihan Ch "]
[Site "France"]
[Date "2013.01.19"]
[Round "4.25"]
[White "Barton, June"]
[Black "Le Pointer, Mélodine"]
[Result "1-0"]
[WhiteElo "1499"]
[BlackElo "1199"]
[PlyCount "65"]
[EventDate "2012.10.??"]
[EventType "swiss"]
[EventRounds "7"]
[EventCountry "FRA"]
[SourceDate "2005.09.12"]

1. e4 e5 2. Nf3 Nc6 3. Bb5 Nf6 4. Nc3 Bc5 5. a3 d6 6. b4 Ng4 7. Qe2 Nxf2 8. O-O
Bb6 9. Bb2 a6 10. Ba4 O-O 11. Rab1 Bd7 12. Rfe1 Ne7 13. Bb3 Bb5 14. Nxb5 Qd7
15. d4 axb5 16. Qxf2 exd4 17. Nxd4 Nc6 18. Rbd1 Qg4 19. Qf3 Ne5 20. Qe2 Rad8
21. h3 Qg3 22. Rd3 Nxd3 23. cxd3 Ra8 24. Qf2 Qxd3 25. Qe3 Qxe3+ 26. Rxe3 Bxd4
27. Bxd4 Rxa3 28. Bb2 Ra6 29. Rg3 c5 30. bxc5 Re8 31. Rxg7+ Kf8 32. Rxf7+ Kg8
33. Rf5+ 1-0

[Event "Morbihan Ch "]
[Site "France"]
[Date "2013.02.23"]
[Round "5.1"]
[White "Landais, Romain"]
[Black "Annetti, Laurent"]
[Result "1-0"]
[WhiteElo "1896"]
[BlackElo "1869"]
[PlyCount "63"]
[EventDate "2012.10.??"]
[EventType "swiss"]
[EventRounds "7"]
[EventCountry "FRA"]
[SourceDate "2005.09.12"]

1. e4 e5 2. Nc3 Nc6 3. f4 exf4 4. Nf3 g5 5. h4 g4 6. Ng5 h6 7. Nxf7 Kxf7 8.
Bc4+ d5 9. Bxd5+ Kg7 10. d4 Bd6 11. O-O Qxh4 12. Bxf4 g3 13. Bxg3 Bxg3 14. Rf7+
Kg6 15. Qf3 Nf6 16. Rxf6+ Qxf6 17. Qxg3+ Qg5 18. Qxc7 Qe3+ 19. Kh1 Rf8 20. Bxc6
bxc6 21. Qxc6+ Rf6 22. Qxf6+ Kxf6 23. Nd5+ Kg5 24. Nxe3 Kf4 25. Re1 Kxe4 26. d5
Bd7 27. c4 Kd4 28. b3 Kd3 29. Nf1 Rf8 30. Kg1 Rf7 31. c5 Kd4 32. c6 1-0

[Event "Morbihan Ch "]
[Site "France"]
[Date "2013.02.23"]
[Round "5.2"]
[White "Duplessy, Franck"]
[Black "Caderon, Michel"]
[Result "0-1"]
[WhiteElo "2077"]
[BlackElo "2013"]
[PlyCount "78"]
[EventDate "2012.10.??"]
[EventType "swiss"]
[EventRounds "7"]
[EventCountry "FRA"]
[SourceDate "2005.09.12"]

1. e4 c5 2. Nf3 d6 3. d4 cxd4 4. Nxd4 Nf6 5. Nc3 a6 6. a4 e5 7. Nf3 Qc7 8. Be2
h6 9. O-O Be6 10. Re1 Nbd7 11. a5 Qc6 12. Bf1 Be7 13. h3 Nc5 14. Qe2 Rc8 15.
Nd2 O-O 16. g3 d5 17. exd5 Nxd5 18. Nxd5 Bxd5 19. c4 Be6 20. Bg2 Qd7 21. h4 Nd3
22. Rd1 Nxc1 23. Raxc1 Qc7 24. Ra1 Bb4 25. b3 Rfd8 26. Nf1 Bxa5 27. Bxb7 Rxd1
28. Qxd1 Qxb7 29. Rxa5 Rb8 30. Ra3 Qb4 31. Qa1 Rd8 32. Ne3 Rd3 33. Rxa6 Rxb3
34. Ra8+ Kh7 35. Qf1 Rb1 36. Nd1 Qd2 37. Kh2 Bg4 38. Qg2 Qxd1 39. Qe4+ f5 0-1

[Event "Morbihan Ch "]
[Site "France"]
[Date "2013.02.23"]
[Round "5.3"]
[White "Pouliquen, Alain"]
[Black "Salaün, Michel"]
[Result "0-1"]
[WhiteElo "1720"]
[BlackElo "2011"]
[PlyCount "52"]
[EventDate "2012.10.??"]
[EventType "swiss"]
[EventRounds "7"]
[EventCountry "FRA"]
[SourceDate "2005.09.12"]

1. d4 c5 2. d5 e5 3. dxe6 fxe6 4. e3 d5 5. Nf3 Nf6 6. Be2 Nc6 7. O-O Bd6 8. c4
O-O 9. Nc3 Kh8 10. b3 Qe7 11. cxd5 exd5 12. Nxd5 Nxd5 13. Qxd5 Rf5 14. Qc4 Ne5
15. Qe4 Bd7 16. Nh4 Rf6 17. Qxb7 Raf8 18. Bb5 Rb8 19. Qxa7 Rxb5 20. e4 Nc6 21.
Qa6 Nb4 22. Qa8+ Rf8 23. Qa4 Qxh4 24. g3 Qxe4 25. Bf4 Qf3 26. Rfd1 Bh3 0-1

[Event "Morbihan Ch "]
[Site "France"]
[Date "2013.02.23"]
[Round "5.4"]
[White "Hocher, Eugène"]
[Black "Le Corre, Yves"]
[Result "1/2-1/2"]
[WhiteElo "1754"]
[BlackElo "1920"]
[PlyCount "69"]
[EventDate "2012.10.??"]
[EventType "swiss"]
[EventRounds "7"]
[EventCountry "FRA"]
[SourceDate "2005.09.12"]

1. d4 Nf6 2. Nf3 d5 3. Bg5 Nbd7 4. Nbd2 e6 5. e3 Be7 6. Bd3 O-O 7. O-O Re8 8.
c4 c6 9. Qc2 Nf8 10. Ne5 dxc4 11. Ndxc4 Nd5 12. Bxe7 Qxe7 13. a3 f6 14. Nf3 b6
15. Rfe1 Bb7 16. b4 Rad8 17. Rad1 Nc7 18. Ncd2 Nb5 19. Qb3 Kh8 20. Ne4 Nd7 21.
Rc1 Rc8 22. Re2 Nf8 23. Rec2 Qd7 24. Ned2 Red8 25. a4 Nc7 26. a5 Nb5 27. Nc4
bxa5 28. Nxa5 Ba8 29. Be4 Ng6 30. Nxc6 Ne7 31. Nxd8 Bxe4 32. Rxc8 Nxc8 33. Qxe6
Qxe6 34. Nxe6 Ncd6 35. Nd2 1/2-1/2

[Event "Morbihan Ch "]
[Site "France"]
[Date "2013.02.23"]
[Round "5.6"]
[White "Rivalin, Patrick"]
[Black "Pascot, Jean"]
[Result "0-1"]
[WhiteElo "1623"]
[BlackElo "1872"]
[PlyCount "63"]
[EventDate "2012.10.??"]
[EventType "swiss"]
[EventRounds "7"]
[EventCountry "FRA"]
[SourceDate "2005.09.12"]

1. c4 Nf6 2. Nc3 e5 3. g3 g6 4. Bg2 Bg7 5. e3 O-O 6. Nge2 Nc6 7. O-O d6 8. d4
Bg4 9. Qb3 Rb8 10. f3 Bd7 11. Qc2 exd4 12. exd4 Bf5 13. Qd2 Re8 14. b3 Nb4 15.
g4 Bd7 16. Bb2 Nc6 17. Ng3 h5 18. d5 Ne5 19. g5 Nh7 20. f4 h4 21. Nge4 h3 22.
Bh1 Ng4 23. Nf2 f6 24. Nxh3 fxg5 25. Ne4 Ne3 26. Rfe1 gxf4 27. Bxg7 Bxh3 28.
Qc3 Rxe4 29. Re2 Qg5+ 30. Bg2 Bxg2 31. Qb2 Bf1+ 32. Rg2 0-1

[Event "Morbihan Ch "]
[Site "France"]
[Date "2013.02.23"]
[Round "5.8"]
[White "Loizil, Joel"]
[Black "Le Pointer, Guilhem"]
[Result "1-0"]
[WhiteElo "1709"]
[BlackElo "1410"]
[PlyCount "79"]
[EventDate "2012.10.??"]
[EventType "swiss"]
[EventRounds "7"]
[EventCountry "FRA"]
[SourceDate "2005.09.12"]

1. e4 e5 2. Nf3 Nc6 3. Bc4 Bc5 4. c3 Nf6 5. d3 h6 6. O-O d6 7. h3 g5 8. d4 exd4
9. cxd4 Bb6 10. Re1 Nd7 11. Nc3 Ba5 12. a3 Nb6 13. Ba2 Bxc3 14. bxc3 g4 15.
hxg4 Bxg4 16. Qd3 Qd7 17. Bf4 O-O-O 18. Bb3 Rde8 19. a4 Na5 20. Bc2 Nbc4 21.
Reb1 h5 22. Nd2 Nxd2 23. Bxd2 b6 24. f3 Bxf3 25. Qxf3 Nc4 26. Bf4 Re6 27. Bd3
Na5 28. e5 d5 29. Bf5 Nc4 30. Bxe6 fxe6 31. Qg3 Qh7 32. Rf1 Qe4 33. Rf2 h4 34.
Qh3 Kd7 35. Bg5 Rh5 36. Rf7+ Kc6 37. Qxe6+ Nd6 38. Qd7+ Kb7 39. Qxc7+ Ka6 40.
Qxa7# 1-0

[Event "Morbihan Ch "]
[Site "France"]
[Date "2013.02.23"]
[Round "5.9"]
[White "Lagès, Michel"]
[Black "Bezy, Bernard"]
[Result "1-0"]
[WhiteElo "1917"]
[BlackElo "1599"]
[PlyCount "63"]
[EventDate "2012.10.??"]
[EventType "swiss"]
[EventRounds "7"]
[EventCountry "FRA"]
[SourceDate "2005.09.12"]

1. c4 e5 2. Nc3 Nf6 3. Nf3 Nc6 4. e3 Bb4 5. Qc2 O-O 6. Nd5 Nxd5 7. cxd5 Ne7 8.
Nxe5 d6 9. Nf3 Nxd5 10. Bd3 Nf6 11. a3 Ba5 12. b4 Bb6 13. Bb2 Bg4 14. h3 Bh5
15. Nd4 Rc8 16. Nf5 Ne8 17. g4 Bg6 18. h4 c5 19. b5 c4 20. Be2 h6 21. h5 Bh7
22. Qc3 Nf6 23. Nxh6+ gxh6 24. Qxf6 Qxf6 25. Bxf6 d5 26. f4 Be4 27. Rg1 Kh7 28.
Kf2 Bd8 29. Bxd8 Rfxd8 30. a4 a5 31. Rac1 Rc5 32. d3 1-0

[Event "Morbihan Ch "]
[Site "France"]
[Date "2013.02.23"]
[Round "5.10"]
[White "Le Coz, Yannick"]
[Black "Guegan, Michel"]
[Result "0-1"]
[WhiteElo "1563"]
[BlackElo "1810"]
[PlyCount "86"]
[EventDate "2012.10.??"]
[EventType "swiss"]
[EventRounds "7"]
[EventCountry "FRA"]
[SourceDate "2005.09.12"]

1. e4 c5 2. Nf3 d6 3. d4 cxd4 4. Bb5+ Nc6 5. Nxd4 Bd7 6. Nxc6 Bxc6 7. Bxc6+
bxc6 8. Qf3 e5 9. O-O Nf6 10. Rd1 Be7 11. Nd2 Qc7 12. Nc4 O-O 13. Bg5 Rfd8 14.
Rd3 Ne8 15. Qg3 Bxg5 16. Qxg5 f6 17. Qh4 d5 18. Ne3 dxe4 19. Qxe4 Rxd3 20. Qxd3
Rd8 21. Qb3+ Kf8 22. c3 Rb8 23. Qc2 Kg8 24. Rd1 Rd8 25. Rxd8 Qxd8 26. Qb3+ Kf8
27. Qa3+ Qe7 28. Qxe7+ Kxe7 29. Nc4 Nd6 30. Na5 Kd7 31. c4 Kc7 32. c5 Nf5 33.
b4 Nd4 34. a3 Kd7 35. f3 Ke6 36. Kf2 Kd5 37. g3 Nc2 38. Nb7 Nxa3 39. Nd6 Nb5
40. Ne8 Kc4 41. Nxg7 Kxb4 42. Ne6 a5 43. f4 a4 0-1

[Event "Morbihan Ch "]
[Site "France"]
[Date "2013.02.23"]
[Round "5.11"]
[White "Marechal, Daniel"]
[Black "Barton, Robin"]
[Result "0-1"]
[WhiteElo "1650"]
[BlackElo "1522"]
[PlyCount "190"]
[EventDate "2012.10.??"]
[EventType "swiss"]
[EventRounds "7"]
[EventCountry "FRA"]
[SourceDate "2005.09.12"]

1. d4 f5 2. e3 Nf6 3. f4 e6 4. Nf3 b6 5. Bd3 Be7 6. O-O Bb7 7. c4 O-O 8. Nbd2
c5 9. Nb3 Nc6 10. a3 a5 11. a4 Nb4 12. Be2 Ne4 13. Ne5 Ba6 14. Nf3 d5 15. Ne5
Qc7 16. Nd2 Rfd8 17. Ndf3 Bf6 18. b3 Nc3 19. Qd2 Nxe2+ 20. Qxe2 Nc6 21. Bb2
Bxe5 22. fxe5 cxd4 23. exd4 dxc4 24. bxc4 Nb4 25. Rac1 Rac8 26. Nd2 Nc6 27. Rf4
Qd7 28. Qd1 Nxe5 29. dxe5 Qxd2 30. Qxd2 Rxd2 31. Ba1 Bb7 32. Rf2 Rcd8 33. Bc3
Rd1+ 34. Rxd1 Rxd1+ 35. Rf1 Rd3 36. Rc1 Ba6 37. Bb2 Rb3 38. Bd4 Rb4 39. Kf2
Bxc4 40. Bxb6 Rxa4 41. Bxa5 Ra2+ 42. Ke3 Bd5 43. Rc8+ Kf7 44. Rc7+ Kg6 45. Bd2
Bxg2 46. Re7 Bd5 47. h4 Ra4 48. Be1 Re4+ 49. Kd2 Rxe5 50. Bg3 Re4 51. Kd3 Kf6
52. Ra7 Rg4 53. Bf2 Be4+ 54. Kc3 e5 55. Ra6+ Kf7 56. Ra7+ Ke6 57. Ra6+ Kf7 58.
Ra7+ Kg6 59. Re7 Kf6 60. Ra7 Bd5 61. h5 Rc4+ 62. Kd2 e4 63. h6 gxh6 64. Rxh7
Kg6 65. Rd7 Bf7 66. Rd6+ Kg5 67. Rb6 f4 68. Rb5+ Kg4 69. Rb7 e3+ 70. Bxe3 fxe3+
71. Kxe3 Bg6 72. Rb6 Kg5 73. Rb2 Rg4 74. Rf2 h5 75. Rh2 h4 76. Kf2 Be4 77. Rh3
Rg2+ 78. Kf1 Rg3 79. Rh2 Kg4 80. Re2 Bf3 81. Re8 Kh3 82. Kf2 Bc6 83. Re1 Kh2
84. Rc1 Rg2+ 85. Ke3 Bd7 86. Rd1 Bg4 87. Rf1 Re2+ 88. Kf4 Bh3 89. Rf3 Bg2 90.
Rc3 Kg1 91. Rc1+ Bf1 92. Kf3 Rf2+ 93. Kg4 h3 94. Rc3 h2 95. Rg3+ Rg2 0-1

[Event "Morbihan Ch "]
[Site "France"]
[Date "2013.02.23"]
[Round "5.12"]
[White "Peyre, Jean Jacques"]
[Black "Malry, Celia"]
[Result "1-0"]
[WhiteElo "1672"]
[BlackElo "1610"]
[PlyCount "153"]
[EventDate "2012.10.??"]
[EventType "swiss"]
[EventRounds "7"]
[EventCountry "FRA"]
[SourceDate "2005.09.12"]

1. g3 d5 2. Bg2 e5 3. d3 Be6 4. Nf3 f6 5. a3 Bd6 6. O-O Nc6 7. Nc3 Nge7 8. b4
a6 9. e4 d4 10. Ne2 b5 11. Bb2 Bg4 12. Rc1 a5 13. c3 dxc3 14. Nxc3 Nd4 15. h3
Nxf3+ 16. Bxf3 Bxh3 17. Re1 Qd7 18. Qb3 Be6 19. Qc2 axb4 20. axb4 c6 21. Red1
Bxb4 22. Ne2 Ra2 23. d4 Ba3 24. Rb1 Rxb2 25. Rxb2 Bxb2 26. Qxb2 Kf7 27. d5 cxd5
28. exd5 Bxd5 29. Nc3 Qf5 30. Bxd5+ Nxd5 31. Rxd5 Rc8 32. Rxb5 Kg6 33. Nd5 Qd7
34. Qb1+ Kh6 35. Ne3 Rc1+ 36. Qxc1 Qxb5 37. Nf5+ Kg6 38. Qc2 Qa5 39. Nh4+ Kh6
40. Qc1+ g5 41. Nf5+ Kg6 42. Qb1 e4 43. Ne7+ Kf7 44. Qxe4 Qa1+ 45. Kg2 Qe5 46.
Qxe5 fxe5 47. Nd5 Ke6 48. Ne3 h5 49. Kh3 Kf6 50. Nd5+ Ke6 51. Nc3 Kf5 52. Ne2
Ke4 53. Kg2 Kf5 54. Ng1 g4 55. Ne2 e4 56. Nf4 Kg5 57. Ne6+ Kf6 58. Nc5 Ke5 59.
Kf1 Kf5 60. Ke2 Ke5 61. Ke3 Kf5 62. Nxe4 Ke5 63. Nd2 Kf5 64. Nc4 Kg5 65. Nd6 h4
66. Nf7+ Kh5 67. gxh4 Kxh4 68. Kf4 Kh5 69. Ne5 Kh6 70. Kxg4 Kg7 71. f4 Kf6 72.
Nc4 Kg6 73. Nd6 Kf6 74. Ne4+ Kg6 75. f5+ Kf7 76. Kg5 Kg7 77. Nd6 1-0

[Event "Morbihan Ch "]
[Site "France"]
[Date "2013.02.23"]
[Round "5.13"]
[White "Maheo, Francois"]
[Black "Trelohan, Henri"]
[Result "0-1"]
[WhiteElo "1499"]
[BlackElo "1669"]
[PlyCount "116"]
[EventDate "2012.10.??"]
[EventType "swiss"]
[EventRounds "7"]
[EventCountry "FRA"]
[SourceDate "2005.09.12"]

1. e4 g6 2. Bc4 c6 3. Nc3 Bg7 4. Nge2 e6 5. d4 d5 6. Bd3 dxe4 7. Bxe4 Nf6 8.
Bg5 Qa5 9. O-O Qxg5 10. Bf3 Qa5 11. Ng3 O-O 12. Nce2 Nbd7 13. c3 Qc7 14. b4 Nb6
15. a4 Nbd5 16. Qc2 Rb8 17. a5 Nf4 18. Nxf4 Qxf4 19. Qc1 Qxc1 20. Raxc1 Bd7 21.
Rfd1 Nd5 22. h3 Rfd8 23. Ne2 e5 24. Bxd5 cxd5 25. dxe5 Bb5 26. Re1 Bxe5 27. Nd4
Bxd4 28. cxd4 Bc4 29. g4 Re8 30. Re3 Rxe3 31. fxe3 Re8 32. Re1 Kg7 33. Kf2 Kf6
34. Kg3 g5 35. Kf3 a6 36. Kf2 h6 37. Kf3 Kg6 38. Kg3 f5 39. gxf5+ Kxf5 40. Kf3
h5 41. Rg1 g4+ 42. hxg4+ hxg4+ 43. Rxg4 Be2+ 44. Kxe2 Kxg4 45. Kf2 Kh3 46. Kf3
Re4 47. Ke2 Kg2 48. Kd2 Kf3 49. b5 axb5 50. Kc3 Kxe3 51. Kb4 Kxd4 52. Kxb5 Kc3
53. Kc5 d4 54. Kb6 Re7 55. Ka7 d3 56. Kb6 d2 57. a6 bxa6 58. Kxa6 d1=Q 0-1

[Event "Morbihan Ch "]
[Site "France"]
[Date "2013.01.25"]
[Round "5.14"]
[White "Agogue, Yann"]
[Black "Biderbost, Marc"]
[Result "1-0"]
[WhiteElo "1660"]
[BlackElo "1370"]
[PlyCount "59"]
[EventDate "2012.10.??"]
[EventType "swiss"]
[EventRounds "7"]
[EventCountry "FRA"]
[SourceDate "2005.09.12"]

1. e4 b6 2. d4 e6 3. f4 g6 4. Nf3 Bb7 5. Nc3 d6 6. Be2 Nd7 7. O-O Bg7 8. e5 Ne7
9. Be3 a6 10. Qd2 Nf5 11. Bf2 dxe5 12. fxe5 c5 13. Rad1 Bh6 14. Qd3 cxd4 15.
Nxd4 Nxe5 16. Qh3 Qg5 17. Nxf5 exf5 18. Bxb6 Bxg2 19. Qxg2 Qxg2+ 20. Kxg2 Ng4
21. Bxg4 fxg4 22. Rfe1+ Kf8 23. Rd7 Kg7 24. Bd4+ Kg8 25. Bxh8 Kxh8 26. Rxf7 Bg7
27. Ree7 Rg8 28. Ne4 h6 29. Nf6 Bxf6 30. Rh7# 1-0

[Event "Morbihan Ch "]
[Site "France"]
[Date "2013.02.23"]
[Round "5.15"]
[White "Le Garrec, Maxime"]
[Black "Thebaut, Herve"]
[Result "1/2-1/2"]
[WhiteElo "1648"]
[BlackElo "1454"]
[PlyCount "66"]
[EventDate "2012.10.??"]
[EventType "swiss"]
[EventRounds "7"]
[EventCountry "FRA"]
[SourceDate "2005.09.12"]

1. e4 d5 2. exd5 Nf6 3. d4 Nxd5 4. c4 Nb4 5. a3 N4c6 6. d5 Ne5 7. h3 e6 8. Nf3
Nxf3+ 9. Qxf3 exd5 10. Qxd5 Qxd5 11. cxd5 a6 12. Bd3 Bd6 13. O-O O-O 14. Re1
Nd7 15. Nc3 Nc5 16. Bc2 b5 17. b4 Nd7 18. Bb2 Bb7 19. Bb3 Rae8 20. Kf1 Be5 21.
Rab1 Bxc3 22. Bxc3 Nb6 23. Rbd1 Rd8 24. Bd4 Nxd5 25. Bc5 Nc3 26. Rxd8 Rxd8 27.
Re7 Bd5 28. Bc2 Bc4+ 29. Kg1 Nd5 30. Re4 Nf6 31. Re7 Nd5 32. Re4 Nf6 33. Re7
Nd5 1/2-1/2

[Event "Morbihan Ch "]
[Site "France"]
[Date "2013.02.08"]
[Round "5.16"]
[White "Kerriou, Jean Rene"]
[Black "Potier, Pierre"]
[Result "0-1"]
[WhiteElo "1499"]
[BlackElo "1648"]
[PlyCount "56"]
[EventDate "2012.10.??"]
[EventType "swiss"]
[EventRounds "7"]
[EventCountry "FRA"]
[SourceDate "2005.09.12"]

1. d4 d5 2. c4 dxc4 3. e4 c5 4. d5 Nf6 5. Nc3 e6 6. Bxc4 Be7 7. Nf3 a6 8. a3 b5
9. Bb3 c4 10. Bc2 Qb6 11. O-O Bb7 12. Be3 Bc5 13. dxe6 fxe6 14. Bxc5 Qxc5 15.
Qd2 Nbd7 16. Qg5 O-O 17. Rfd1 h6 18. Qg3 e5 19. Rd2 Rf7 20. Nh4 Nh5 21. Qg4
Ndf6 22. Qd1 Nf4 23. Rd8+ Kh7 24. Rxa8 Bxa8 25. Nf5 g6 26. Qd6 Qxd6 27. Nxd6
Rd7 28. Nc8 Rd2 0-1

[Event "Morbihan Ch "]
[Site "France"]
[Date "2013.02.23"]
[Round "5.17"]
[White "Guetta, Claude"]
[Black "Anciant, Yoran"]
[Result "0-1"]
[WhiteElo "1499"]
[BlackElo "1199"]
[PlyCount "70"]
[EventDate "2012.10.??"]
[EventType "swiss"]
[EventRounds "7"]
[EventCountry "FRA"]
[SourceDate "2005.09.12"]

1. e4 e5 2. Nf3 Nc6 3. Bc4 Bc5 4. O-O Nf6 5. d3 h6 6. Re1 Bd4 7. c3 Bb6 8. b4
d6 9. a4 Ng4 10. Qb3 O-O 11. Nbd2 Bxf2+ 12. Kf1 Bxe1 13. Kxe1 Ne3 14. b5 Na5
15. Qa2 Naxc4 16. dxc4 Nxg2+ 17. Kd1 Bg4 18. Kc2 Qf6 19. Ba3 Bxf3 20. Rf1 Ne3+
21. Kb3 Nxf1 22. Nxf1 Bxe4 23. Qg2 Bxg2 24. Ne3 Qf3 25. Nd5 e4 26. Nxc7 e3 27.
Nxa8 Rxa8 28. Kc2 e2 29. Kd2 e1=Q+ 30. Kxe1 Qxc3+ 31. Kf2 Qxa3 32. Kxg2 Re8 33.
h3 Re2+ 34. Kf1 Rb2 35. b6 Qa1# 0-1

[Event "Morbihan Ch "]
[Site "France"]
[Date "2013.02.23"]
[Round "5.18"]
[White "Audren, Jean"]
[Black "Lemoine, Norbert"]
[Result "1-0"]
[WhiteElo "1520"]
[BlackElo "1498"]
[PlyCount "80"]
[EventDate "2012.10.??"]
[EventType "swiss"]
[EventRounds "7"]
[EventCountry "FRA"]
[SourceDate "2005.09.12"]

1. d4 Nf6 2. c4 e6 3. Nc3 Bb4 4. Bd2 c5 5. e3 d5 6. Nf3 O-O 7. a3 Bxc3 8. Bxc3
b6 9. Be2 Ne4 10. Qc2 Re8 11. O-O Nc6 12. Rad1 Ne7 13. Nd2 Nxc3 14. Qxc3 Qd6
15. Bf3 Bb7 16. Nb3 Rac8 17. dxc5 bxc5 18. Rd2 Ng6 19. Be2 e5 20. cxd5 e4 21.
Bc4 Re5 22. Rfd1 Rh5 23. g3 Ne5 24. Be2 Nf3+ 25. Bxf3 exf3 26. Qc4 Qd7 27. Qe4
Rf5 28. Na5 Ba8 29. Nc6 Re8 30. Qd3 Rf6 31. e4 Qh3 32. Qf1 Rh6 33. Qxh3 Rxh3
34. Rd3 Rxe4 35. Rxf3 Rh6 36. Nxa7 Rd4 37. Rxd4 cxd4 38. Rd3 Bxd5 39. Rxd4 Rd6
40. Nc8 Rd8 1-0

[Event "Morbihan Ch "]
[Site "France"]
[Date "2013.02.23"]
[Round "5.19"]
[White "Le Gal, Loïc"]
[Black "Richeux, Guillaume"]
[Result "1-0"]
[WhiteElo "1537"]
[BlackElo "1399"]
[PlyCount "121"]
[EventDate "2012.10.??"]
[EventType "swiss"]
[EventRounds "7"]
[EventCountry "FRA"]
[SourceDate "2005.09.12"]

1. c4 e5 2. Nc3 c6 3. e3 d5 4. b3 Nf6 5. d4 Bb4 6. Bd2 exd4 7. exd4 O-O 8. Bd3
Re8+ 9. Nge2 Nh5 10. O-O Qf6 11. cxd5 Bd6 12. Ne4 Qe7 13. N2c3 Nf6 14. Qf3 cxd5
15. Nxf6+ Qxf6 16. Qxf6 gxf6 17. Nxd5 Nd7 18. Bf5 Kg7 19. g3 Re2 20. Bf4 Ba3
21. Bc1 Bxc1 22. Rfxc1 b6 23. Rc7 Ne5 24. Rxc8 Rxc8 25. Bxc8 Nf3+ 26. Kf1 Nxd4
27. Rd1 Rc2 28. Rxd4 Rxc8 29. Rg4+ Kf8 30. Rg8+ Kxg8 31. Ne7+ Kg7 32. Nxc8 Kg6
33. Nxa7 Kf5 34. Nc6 Ke6 35. Ke2 Kd7 36. Nd4 Kd6 37. Kd3 Kc5 38. a3 Kd5 39. Nf5
h5 40. h4 Ke6 41. Ng7+ Ke5 42. Nxh5 f5 43. Ng7 f4 44. Ne8 f5 45. gxf4+ Kxf4 46.
Nd6 Kg4 47. Nxf5 Kxf5 48. Kd4 Ke6 49. h5 Kf7 50. Kd5 Kg7 51. f4 Kh6 52. Ke6
Kxh5 53. f5 b5 54. f6 b4 55. axb4 Kh6 56. f7 Kh7 57. f8=Q Kg6 58. Qf6+ Kh7 59.
Qg5 Kh8 60. Kf7 Kh7 61. Qg7# 1-0